| 000 | 00793nam a22002177a 4500 | ||
|---|---|---|---|
| 003 | OSt | ||
| 005 | 20250730021814.0 | ||
| 008 | 250730b |||||||| |||| 00| 0 eng d | ||
| 020 | _a 9788126152131 | ||
| 040 |
_aDWCL-Main lib _cOC |
||
| 082 | _aCirc. 025.3132 H236 2013 | ||
| 100 | _aTorres, Ford | ||
| 245 |
_aHandbook of investigating library resources : _bproblems and perspectives of researchers in the internet age/ _cFord Torres |
||
| 260 |
_aNew Delhi : _bAnmol, _c c2013. |
||
| 300 |
_aviii, 312 pages : _b illustrations ; _c23 cm. |
||
| 504 | _aIncludes bibliography | ||
| 650 | _a1. Electronic information resources. | ||
| 650 | _a2. Electronic information resource searching. | ||
| 650 | _a3. Online library catalogs--Subject access. | ||
| 942 |
_2ddc _cBK-CIRC _kCirc. _n0 |
||
| 999 |
_c3883 _d3883 |
||